000 00373 a2200169 4500
001 175510
020 _a85-7319-391-3
040 _cMagnum
100 _aFonseca, Márcia Santos
240 1 0 _aCiências para você 1
_lpor
245 1 0 _aCiências para você 1
300 _a240
362 0 _a2001
440 1 _aDimensão
697 _aCIÊNCIAS NATURAIS
942 _cBK
999 _c175510
_d175510